| 000 | 00644nam a2200217 a 4500 | ||
|---|---|---|---|
| 999 |
_c2284 _d2284 |
||
| 001 | 2284 | ||
| 003 | BD-JhCC | ||
| 005 | 20171031190518.0 | ||
| 008 | 171031s1373 bg |||| ||a| 000 0 ben d | ||
| 035 | _a(BD-JhCC) 2284 | ||
| 040 |
_aBD-JhCC _dBD-JhCC |
||
| 041 | _aben | ||
| 082 |
_a891443 _bRAH 1373 |
||
| 100 | _aরহমান, হাসান হাফিজুর | ||
| 245 |
_aসীমান্ত শিবিরে / _cহাসান হাফিজুর রহমান |
||
| 260 |
_aঢাকা : _bবইবীথি , _c1373 |
||
| 300 |
_a164 p .: _c22 cm . |
||
| 650 | _aBengali Novel | ||
| 942 |
_2ddc _cBK |
||